|
|
|
|
| LEADER |
00000nam a2200000 i 4500 |
| 001 |
DIGEDUFV0026 |
| 003 |
NyNyDIG |
| 006 |
m o d |
| 008 |
210606s2020 sp ob 000 0 spa d |
| 007 |
cr ||||||||||| |
| 035 |
|
|
|a (OCoLC)1158036114
|
| 040 |
|
|
|a DGITA
|b eng
|e rda
|e pn
|c DGITA
|
| 020 |
|
|
|a 9788417641771
|q edición digital
|
| 020 |
|
|
|a 8417641777
|q edición digital
|
| 020 |
|
|
|z 9788417641764
|
| 020 |
|
|
|z 8417641769
|
| 041 |
0 |
|
|a spa
|a eng
|
| 043 |
|
|
|a e------
|
| 050 |
1 |
4 |
|a UA646 ebook
|
| 082 |
0 |
4 |
|a 355.03304
|
| 100 |
1 |
|
|a Castro Ruano, José Luis de,
|e author.
|
| 245 |
1 |
3 |
|a La integración de la seguridad y la defensa en la Unión Europea :
|b un nuevo instrumento de actuación internacional para un actor global en el siglo XXI = The integration of security and defence in the European Union : a new instrument of international action as a global actor in the 21st century /
|c José Luis de Castro Ruano.
|
| 246 |
3 |
1 |
|a Integration of security and defence in the European Union
|
| 264 |
|
1 |
|a Pozuelo de Alarcón (Madrid) :
|b Universidad Francisco de Vitoria, UFV Madrid, Editorial,
|c [2020]
|
| 300 |
|
|
|a 1 online resource.
|
| 336 |
|
|
|a text
|b txt
|2 rdacontent
|
| 337 |
|
|
|a computer
|b c
|2 rdamedia
|
| 338 |
|
|
|a online resource
|b cr
|2 rdacarrier
|
| 347 |
|
|
|a text file
|2 rdaft
|
| 347 |
|
|
|b PDF
|
| 490 |
1 |
|
|a Colección Cuadernos de estudios europeos = Collection Journal of European studies ;
|v no. 8
|
| 504 |
|
|
|a Includes bibliographical references.
|
| 546 |
|
|
|a Text in Spanish and English.
|
| 588 |
0 |
|
|a Online resource; title from ePub title page (Digitalia, viewed June 7, 2021)
|
| 650 |
|
0 |
|a National security
|z Europe.
|
| 651 |
|
0 |
|a Europe
|x Military policy.
|
| 655 |
|
0 |
|a Electronic books.
|
| 791 |
2 |
|
|a Digitalia (Firm),
|e distributor.
|
| 793 |
0 |
|
|g Digitalia eBook Collection:
|a Editorial Universidad Francisco de Vitoria
|
| 776 |
0 |
8 |
|i Print version:
|a Castro Ruano, José Luis de.
|t Integración de la seguridad y la defensa en la Unión Europea.
|d Madrid : Universidad Francisco de Vitoria, 2020
|z 9788417641764
|w (OCoLC)1155525671
|
| 830 |
|
0 |
|a Colección Cuadernos de estudios europeos (Pozuelo de Alarcón, Spain) ;
|v no. 8.
|
| 856 |
4 |
0 |
|3 Digitalia Hispánica
|u https://www.digitaliapublishing.com/a/70196/
|
| 910 |
|
|
|a Premium collection: 2021
|